El trabajo infantil y adolescente doméstico en Costa Rica /
| Autor Corporativo: | |
|---|---|
| Formato: | Libro |
| Lenguaje: | español |
| Publicado: |
[Lugar de publicación no identificado] :
OIT,
s.f.
|
| Materias: |
MARC
| LEADER | 00000nam a22000007a 4500 | ||
|---|---|---|---|
| 008 | 190503bs ||||| |||| 00| | spa d | ||
| 999 | |c 3717 |d 3717 | ||
| 090 | |a DOC #69 | ||
| 110 | |9 1240 |a Oficina Internacional del Trabajo | ||
| 245 | 1 | 3 | |a El trabajo infantil y adolescente doméstico en Costa Rica / |c OIT |
| 260 | |a [Lugar de publicación no identificado] : |b OIT, |c s.f. | ||
| 300 | |a desplegable | ||
| 650 | 0 | |9 1864 |a TRABAJO DE MENORES | |
| 650 | 0 | |9 570 |a DERECHOS DEL NIÑO | |
| 942 | |i 001129 |h DOC #69 |2 z |c 05 | ||
